Мовні засоби вираження образного простору поезії Джорджа Гордона Байрона (Запис № 284164)

МАРК-запис
000 -LEADER
fixed length control field 01272nam a22001577a 4500
041 ## - LANGUAGE CODE
Language code of text/sound track or separate title ukr
080 ## - UNIVERSAL DECIMAL CLASSIFICATION NUMBER
Universal Decimal Classification number 09
090 ## - LOCALLY ASSIGNED LC-TYPE CALL NUMBER (OCLC); LOCAL CALL NUMBER (OCLC)
Local cutter number (OCLC) ; Book number/undivided call number, CALL (RLIN) ДРА
100 ## - MAIN ENTRY--PERSONAL NAME
Personal name Драганчук Г.А.
245 ## - TITLE STATEMENT
Title Мовні засоби вираження образного простору поезії Джорджа Гордона Байрона
260 ## - PUBLICATION, DISTRIBUTION, ETC. (IMPRINT)
Place of publication, distribution, etc Острог
Name of publisher, distributor, etc КАФ
Date of publication, distribution, etc 2009
300 ## - PHYSICAL DESCRIPTION
Extent 46
520 ## - SUMMARY, ETC.
Summary, etc ВСТУП<br/>РОЗДІЛ 1 ФУНКЦІОНАЛЬНИЙ АНАЗІЛ ПОЕТИЧНИХ ТЕКСТІВ<br/>1.1 Функціональні особливостіу поезії.<br/>1.2 Лексичний аналіз поетичних текстів.<br/>1.3 Стилістичний аналіз поетичних текстів.<br/>РОЗДІЛ 2 ЛЕКСИКО-СТИЛІСТИЧНІ ЗАСОБИ У ПОЕЗІЇ ДЖОРДЖА ГОРДОНА БАЙРОНА<br/>2.1 Фонетичні засоби.<br/>2.1.1 Асонанс.<br/>2.1.2 Алфтерація.<br/>2.2 Семантичні засоби.<br/>2.2.1 Метафори.<br/>2.2.2 Епітети.<br/>2.2.3 Гіпербола.<br/>2.3 Стилістичні засоби.<br/>2.3.1 Синоніми.<br/>2.3.2 Антоніми.<br/>2.3.3 Фразеологічні одиниці.<br/>ВИСНОВКИ
-- Поезія,Байрона
650 ## - SUBJECT ADDED ENTRY--TOPICAL TERM
Topical term or geographic name as entry element Research Papers
942 ## - ADDED ENTRY ELEMENTS (KOHA)
Koha item type Книги
Фонди
Withdrawn status Lost status Source of classification or shelving scheme Damaged status Not for loan Home library Current library Date acquired Source of acquisition Cost, normal purchase price Total Checkouts Full call number Barcode Date last seen Price effective from Koha item type
    Universal Decimal Classification     ВІЛ - Відділ іноземн. літератури НБ ВІЛ - Відділ іноземн. літератури НБ 16/04/2009 Акт №1 1.00   09 213402 20/12/2021 16/04/2009 Книги